Statistics for Top 10 chocolate eating countries

Click here to take the quiz!

General Stats

  • This quiz has been taken 24 times
  • The average score is 7 of 10

Answer Stats

RankConsumptionAnswer% Correct
#216.3Germany
95%
#811.0Sweden
86%
#118.1Switzerland
86%
#514.6United Kingdom
82%
#315.7Austria
77%
#415.1Ireland
73%
#613.0Norway
73%
#712.0Estonia
55%
#1010.7Slovakia
45%
#910.9Kazakhstan
9%

Score Distribution

Percentile by Number Answered

Percent of People with Each Score

Your Score History

You have not taken this quiz